000
00338 a2200157 4500
001
48258
020
_a
9788588022201
040
_c
Anchieta - Aquarius
100
_a
Ávila, Luciana
240
1
0
_a
O voo da Xica
_l
por
245
1
0
_a
O voo da Xica
300
_a
30
362
0
_a
2017
650
4
_a
Literatura infanto-juvenil
942
_c
BK
999
_c
48258
_d
48258